01146nac a22003497a 4500001001000000003000900010005001700019008003400036040005400070072000800124090001900132100001800151100001900169100001900188100001900207100002100226110005400247245004000301260003900341300000900380490008500389650002000474650001400494650001600508650000800524650002300532650001200555909004700567942001700614999001900631952014600650BR0803155BR-BrBNA20240105123545.0230509b bl.|||m| |||| 00| 0 por d aBR-BrBNAbporcBiblioteca Nacional de Agricultura aL20 a6100 BR08031551 aAbreu, V.M.N.1 aAbreu, P.G. de1 aColdebella, A.1 aPaiva, D.P. de1 aJaenisch, F.R.F.1 aEMBRAPA Suínos e Aves, Concórdia, SC (Brasil)1 aInfluência maria nascimento abreu3 aConcórdia, SC (Brasil): c2006.  a4 p. aComunicado Técnico - EMBRAPA Suínos e Aves (Brazil)vno. 437xISSN 0100-8862 aFRANGO DE CORTE aBEM-ESTAR aPERFORMANCE aLUZ aENERGIA ELÉTRICA aCONSUMO a202312bLúcia Elandec55dLúcia Elande 2AGRISn0cMS c295984d295984 002AGRIS40708Acervo Gerala41918b41918cAGROBASEl0o6100 BR0803155p6100 BR0803155r2023-12-18yMSePortaria Interministerial nº 164/94